=LDR 00000nam 2200000 4500 =001 INLIS00000000000081 =005 20260702043538 =020 ##$$a 978-602-7636-09-5 =082 ##$$a 013.336 =100 1#$$a Joko S. Kahhar, Adib Susila =245 1 $$a Pokok2 Pemikiran Bung Hatta /$c Joko S. Kahhar, Adib Susila =300 ##$$a 156 hal ; 14 x 21